000 00517nam a2200181Ia 4500
003 LK-CoDNM
005 20240122150611.0
008 010623t1935 xxu||||| |||| 00| 1 sin d
040 _aLK-CoDNM
_dLK-CoDNM
_eLK-CoDNM
041 _asin
080 _a104
_bL 2
100 _aVajiravansa Tissa Thero,Urapola.
245 _aපස්චස්තාප ධර්ම විනිශ්චය
246 _aPaschaththaapa Dharma Vinissaya
260 _bLankatilaka
_aGampaha
_c1935
300 _b14p, 21 cm
942 _cBK
999 _c97805
_d97805